IPCS: Environmental Health Criteria 127: Acrolein
Saved in:
| Corporate Authors: | , |
|---|---|
| Format: | Bog |
| Udgivet: |
Geneva
World Health Organization
1991
|
| Fag: | |
| Online adgang: | Full text Visit NHRC Information Center |
| Tags: |
Tilføj Tag
Ingen Tags, Vær først til at tagge denne postø!
|
| LEADER | 00825nam a22001817a 4500 | ||
|---|---|---|---|
| 020 | |a 9241571276 | ||
| 022 | |a 0250863 x | ||
| 060 | |a QD 305.A6 | ||
| 110 | |a World Health Organization |9 1053 | ||
| 245 | |a IPCS: Environmental Health Criteria 127: Acrolein | ||
| 260 | |a Geneva |b World Health Organization |c 1991 | ||
| 300 | |a 119p. ; | ||
| 650 | |a Acrolein - adverse effects |a Acrolein - toxicity |a Environmental exposure |a Environmental pollutants |9 1376 | ||
| 710 | |a united Nations Environment Programme |9 917 | ||
| 856 | |u http://nhrc.org.np/index.php?option=com_content&view=article&id=48&Itemid=53 |y Full text Visit NHRC Information Center | ||
| 942 | |2 NLM |c BK | ||
| 952 | |0 0 |1 0 |2 NLM |4 0 |6 QD_305_000000000000000_A6_WHO_1991 |7 0 |9 1521 |a NHRC |b NHRC |c CART |d 2013-03-21 |l 0 |o QD 305.A6/WHO/1991 |p 000240 |r 2013-03-21 |w 2013-03-21 |y BK | ||
| 999 | |c 1480 |d 1480 | ||